Welcome to CU Library Online Public Access Catalogue (OPAC)

The Twain shall meet; (Record no. 5311)

MARC details
000 -LEADER
fixed length control field 00412cam a2200157u 4500
001 - CONTROL NUMBER
control field 8101954
005 - DATE AND TIME OF LATEST TRANSACTION
control field 20250328153559.0
008 - FIXED-LENGTH DATA ELEMENTS--GENERAL INFORMATION
fixed length control field 830630s1961 abcac 000 0 eng
050 00 - LIBRARY OF CONGRESS CALL NUMBER
Classification number BR115 HAI
100 ## - MAIN ENTRY--PERSONAL NAME
Personal name Haines J. Harry
245 04 - TITLE STATEMENT
Title The Twain shall meet;
260 ## - PUBLICATION, DISTRIBUTION, ETC.
Place of publication, distribution, etc. New York
Date of publication, distribution, etc. Board of Global Ministries
Name of publisher, distributor, etc. 1980
300 ## - PHYSICAL DESCRIPTION
Extent vii. 184p.
Other physical details illus., port.
Dimensions 15 cm.
650 ## - SUBJECT ADDED ENTRY--TOPICAL TERM
Source of heading or term Theology
942 ## - ADDED ENTRY ELEMENTS (KOHA)
Source of classification or shelving scheme Library of Congress Classification
Koha item type Books
Suppress in OPAC No
999 ## -
-- 5311
-- 5311
Holdings
Withdrawn status Lost status Source of classification or shelving scheme Damaged status Not for loan Collection Home library Current library Shelving location Date acquired Total checkouts Full call number Barcode Date last seen Copy number Price effective from Koha item type
    Library of Congress Classification     Non-fiction Business Library (Miotso) Business Library (Miotso) General stacks 03/28/2025   BR115 HAI BSSM00001670 03/28/2025 1 03/28/2025 Books
© 2023-2024 Copyright: Central University Libraries. All Rights Reserved | Created by: Mahone Tech Office